000 01431cam a2200217 4500
001 ABS61727
008 000000n1999 000 0 eng u
035 _a(Sirsi) u103446
245 _aYaxley v Gotts and another
260 _c1999
490 _aWeekly Law Reports
_v [1999] 3 WLR, 1217-1243(14)
520 _aCA 24 June 1999. The 2nd defendant offered Y (a builder) the ground floor of a house he proposed to purchase, on condition that Y would convert the property into flats and then manage them. The offer was made verbally. In fact, it was the second defendant's son, G, who purchased the property. Y believed the second defendant to be the owner and supplied materials, labour and management services. Y and G subsequently fell out, and G refused to grant Y an interest in his property. The judge granted Y ownership, due to proprietary estoppel and ordered G to grant a 99 year lease to Y. The defendants appealed under the Law of Property (Miscellaneous Provisions) Act 1989 s2, which requires all contracts for sale of disposal of land to be made in writing. Appeal held, as oral agreements can be enforced under a constructive trust.
590 _aABS
650 _aCONSTRUCTIVE TRUSTS
650 _aESTOPPEL
650 _aYAXLEY V GOTTS AND ANOTHER
650 _aLAW OF PROPERTY (MISCELLANEOUS PROVISIONS) ACT 1989 S2
650 _aORAL AGREEMENT
690 _aPROPERTY AND LAND LAW-CASE LAW
942 _n0
999 _c62153
_d62153